Đặc điểm giải phẫu sinh lý trẻ em

MN017 Sự phát triển thể chất trẻ em

Saved in:
Bibliographic Details
Main Author: Phan, Thị Ngọc Yến
Other Authors: Trần, Minh Kỳ
Format: Book
Language:Undetermined
Published: H. ĐH Quốc gia Hà Nội 2009
Subjects:
Online Access:http://lrc.tdmu.edu.vn/opac/search/detail.asp?aID=2&ID=4214
Tags: Add Tag
No Tags, Be the first to tag this record!
Institutions: Trung tâm Học liệu Trường Đại học Thủ Dầu Một
LEADER 00765nam a2200217Ia 4500
001 TDMU_4214
008 210410s9999 xx 000 0 und d
082 |a 372.2135 
090 |b PH105 
100 |a Phan, Thị Ngọc Yến 
245 0 |a Đặc điểm giải phẫu sinh lý trẻ em 
245 0 |c Phan Thị Ngọc Yến 
260 |a H. 
260 |b ĐH Quốc gia Hà Nội 
260 |c 2009 
300 |a 212tr. 
520 |a MN017 Sự phát triển thể chất trẻ em 
650 |a Sinh lý trẻ em; Giáo dục mầm non  |x Tâm sinh lý 
700 |a Trần, Minh Kỳ 
856 |u http://lrc.tdmu.edu.vn/opac/search/detail.asp?aID=2&ID=4214 
980 |a Trung tâm Học liệu Trường Đại học Thủ Dầu Một